00357nam a2200109Ia 4500008004100000041000800041100002200049245011000071260003800181300000800219700002000227250110s9999 xx 000 0 und d aeng aKulkarni Priyanka aComprehensive Landscape Development For child (age 3-10 years) Centric Spaces In Mall Environment Of Pune bM Arch Landscape BNCA, Punec2015 a54p aGuide Name:BNCA